Riconosci il giocatore dalla carriera 4 - Statistics

Statistiche generali
  • Questo quiz è stato fatto 25 volte
  • Il punteggio medio è 6 su 10
Statistiche sulle risposte
Carriera Risposta % Corretto
River Plate 2009-2011 Roma 2011-2013 Tottenham 2013-2021 Siviglia 2021-2024 AEK Atene 2024-2025 Erik Lamela
90%
Podbrezová 2019 Žilina 2019-2021 Spezia 2021-2023Arsenal 2023-2025 Porto 2025- Jakub Kiwior
76%
Envigado 2019-2021 Chicago Fire II 2022 Chicago Fire2022-2023 Aston Villa 2023-2025 Al-Nassr 2025 Fenerbahçe 2025 Jhon Durán
71%
Atalanta 2017-2020 Bologna 2020-2023 Al-Taawoun 2023- Musa Barrow
71%
Altınordu 2014-2016 İstanbul Başakşehir 2016-2017 Roma2017-2020 Leicester City 2020-2021 Olympique Marsiglia 2021-2023 Fenerbahçe 2023-2025 Los Angeles 2025 Fenerbahçe 2025- Cengiz Ünder
67%
Le Mans 2 2006-2007 Hrvatski Dragovoljac 2007-2008Hajduk Spalato 2008-2011 Dnipro 2011-2015 Napoli 2015-2017 Sampdoria 2017-2018 Milan 2018-2019 Ivan Strinić
67%
Stoccarda II 2009-2011 Bayer Leverkusen 2011-2018Arsenal 2018-2022 Fulham 2022- Bernd Leno
62%
Ajaccio 2017-2020 Cagliari 2020-2021 Brescia 2021-2022Pisa 2022- Matteo Tramoni
33%
Padova 2019-2020 Hellas Verona 2020-2021 Atalanta2021-2022 Cagliari 2022 Salernitana 2022-2024 Torino 2024 Sassuolo 2024-2025 Empoli 2025- Matteo Lovato
24%
Genk 2015-2017 Leicester City 2017-2025 Beşiktaş 2025- Wilfred Ndidi
19%
Nessun quiz corrispondente trovato
Distribuzione punteggi
Percentuale di utenti per punteggio
Percentile per numero di risposta
I tuoi punteggi nel tempo
Non hai fatto questo quiz